000 00644nam a2200241Ia 4500
003 OSt
005 20221007103523.0
006 a|||||r|||| 00| 0
007 ta
008 221006b |||||||| |||| 00| 0 eng d
024 _a13,412
037 _cTextual
040 _aLCO
_cLCO
_beng
041 _2eng
_aeng
082 _aZ(Q2),1227, L6
100 _aGupta R.K.
245 0 _aNew Hindu Law of Marriage and Divorce
260 _aDelhi
_bTaxation Publishers Private LTD. India
_c1976
300 _a362
650 _aMarriage and Divorce
942 _hZ(Q2),1227, L6
_cTEXL
999 _c1182975
_d1182975